[Event "Barcelona Sant Marti op-A 23rd"]
[Site "Barcelona"]
[Date "2023.07.18"]
[Round "6"]
[White "Sambarta, Banerjee"]
[Black "Vedant, Nitin Vekhande"]
[Result "1/2-1/2"]
[WhiteElo "1975"]
[BlackElo "2087"]
[PlyCount "51"]
[EventDate "2023.07.13"]
[EventType "swiss"]
[EventRounds "9"]
[EventCountry "ESP"]
[SourceTitle "CBM 215 Extra"]
[Source "ChessBase"]
[SourceDate "2023.09.30"]
[SourceVersion "1"]
[SourceVersionDate "2023.09.30"]
[SourceQuality "1"]

1. d4 Nf6 2. c4 e6 3. Nf3 d5 4. Nc3 Be7 5. Bf4 0-0 6. e3 c6 7. c5 b6 8. b4 a5 9. a3 Nbd7 10. h3 Ne4 11. Nxe4 dxe4 12. Ne5 Nxe5 13. Bxe5 Qd5 14. Qc1 b5 15. Be2 axb4 16. axb4 Bb7 17. 0-0 Rxa1 18. Qxa1 Ra8 19. Qb1 Ra3 20. Bd1 f6 21. Qb2 Ra2 22. Qb1 Ra3 23. Bg3 f5 24. Qb2 Ra2 25. Qb1 Ra3 26. Qb2 1/2-1/2

[Event "Barcelona Sant Marti op-A 23rd"]
[Site "Barcelona"]
[Date "2023.07.15"]
[Round "3"]
[White "Sambarta, Banerjee"]
[Black "Webb, Laurence"]
[Result "1/2-1/2"]
[WhiteElo "1975"]
[BlackElo "2171"]
[PlyCount "87"]
[EventDate "2023.07.13"]
[EventType "swiss"]
[EventRounds "9"]
[EventCountry "ESP"]
[SourceTitle "CBM 215 Extra"]
[Source "ChessBase"]
[SourceDate "2023.09.30"]
[SourceVersion "1"]
[SourceVersionDate "2023.09.30"]
[SourceQuality "1"]

1. d4 Nf6 2. c4 e6 3. Nc3 Bb4 4. Qc2 d5 5. cxd5 Qxd5 6. Nf3 Qf5 7. Qxf5 exf5 8. a3 Bd6 9. Nb5 Be6 10. Nxd6+ cxd6 11. e3 Nc6 12. Bd2 Ne4 13. Bd3 Bd5 14. Ke2 Rc8 15. b4 Kd7 16. Rhc1 g6 17. Be1 Rhe8 18. Kf1 Ne7 19. Ng1 Nf6 20. f3 h6 21. Ne2 Rxc1 22. Rxc1 Rc8 23. Bd2 a6 24. Rxc8 Nxc8 25. Nc3 h5 26. Nxd5 Nxd5 27. Bc4 Ncb6 28. Bb3 Ke8 29. Ke2 Nf6 30. Kd3 d5 31. a4 Kd7 32. Be1 Ke6 33. Bh4 Nbd7 34. a5 b5 35. axb6 Nxb6 36. Kc3 Ne8 37. Bd8 Nd7 38. e4 fxe4 39. fxe4 Nef6 40. e5 Ne4+ 41. Kd3 Nf2+ 42. Ke2 Ne4 43. Kd3 Nf2+ 44. Ke2 1/2-1/2

[Event "Barbera del Valles op 45th"]
[Site "Barbera del Valles"]
[Date "2023.07.10"]
[Round "7"]
[White "Lambert Pont, Michael"]
[Black "Sambarta, Banerjee"]
[Result "1/2-1/2"]
[WhiteElo "2006"]
[BlackElo "1975"]
[PlyCount "72"]
[EventDate "2023.07.04"]
[EventType "swiss"]
[EventRounds "9"]
[EventCountry "ESP"]
[SourceTitle "CBM 215 Extra"]
[Source "ChessBase"]
[SourceDate "2023.09.30"]
[SourceVersion "1"]
[SourceVersionDate "2023.09.30"]
[SourceQuality "1"]

1. d4 Nf6 2. Bf4 d5 3. Nf3 c5 4. e3 Nc6 5. Nbd2 Qb6 6. dxc5 Qxb2 7. Rb1 Qc3 8. Bb5 g6 9. 0-0 Bg7 10. Be5 Qxc5 11. c4 0-0 12. Nb3 Qb6 13. Bxc6 Qxc6 14. Bxf6 Qxf6 15. Qxd5 Be6 16. Qb5 Rac8 17. Rbc1 Rc7 18. Nfd4 Bd7 19. Qb4 a6 20. Rc2 Rfc8 21. Rfc1 e5 22. Ne2 Bc6 23. c5 Bf8 24. Nc3 Qe6 25. e4 f5 26. Rd1 Rd7 27. Rxd7 Qxd7 28. Rd2 Qe6 29. f3 Kh8 30. Qb6 Qc4 31. Qa5 Bb5 32. Nxb5 Bxc5+ 33. Nxc5 Qxc5+ 34. Kf1 Qxb5+ 35. Qxb5 axb5 36. exf5 gxf5 1/2-1/2

[Event "Barbera del Valles op 45th"]
[Site "Barbera del Valles"]
[Date "2023.07.04"]
[Round "1"]
[White "Sambarta, Banerjee"]
[Black "Cordoba Roa, Angel Gabriel"]
[Result "0-1"]
[WhiteElo "1975"]
[BlackElo "2339"]
[PlyCount "148"]
[EventDate "2023.07.04"]
[EventType "swiss"]
[EventRounds "9"]
[EventCountry "ESP"]
[SourceTitle "CBM 215 Extra"]
[Source "ChessBase"]
[SourceDate "2023.09.30"]
[SourceVersion "1"]
[SourceVersionDate "2023.09.30"]
[SourceQuality "1"]

1. d4 Nf6 2. c4 e6 3. Nc3 d5 4. Bg5 dxc4 5. Nf3 a6 6. a4 Nc6 7. e3 Na5 8. Ne5 Bd7 9. Nxc4 Nxc4 10. Bxc4 Be7 11. 0-0 0-0 12. Qc2 c5 13. dxc5 Bxc5 14. Rfd1 Be7 15. Ne4 Nxe4 16. Bxe7 Qxe7 17. Qxe4 Bc6 18. Qe5 Rfd8 19. a5 Qh4 20. Be2 Qb4 21. Rd4 Rxd4 22. Qxd4 Qe7 23. f3 Rd8 24. Qc3 Qg5 25. Rd1 Rxd1+ 26. Bxd1 h5 27. Be2 h4 28. e4 h3 29. g3 Bb5 30. f4 Qd8 31. Bg4 Bc6 32. Bxh3 Qd1+ 33. Kf2 Qh1 34. Qf3 Qb1 35. Qe2 Qc1 36. b4 Qc3 37. Qe1 Qd4+ 38. Kf1 Bxe4 39. Bg4 Bc6 40. Bd1 Qd5 41. Ke2 Qe4+ 42. Kf2 Qg2+ 43. Ke3 Qxh2 44. Bf3 Qc2 45. Bxc6 Qxc6 46. Qd2 g6 47. g4 Qb5 48. g5 e5 49. Qd8+ Kh7 50. Qe7 exf4+ 51. Kxf4 Qd5 52. Qf8 Qf5+ 53. Ke3 Qxg5+ 54. Kd4 Qf5 55. Qe7 Qf3 56. Kc5 Qc6+ 57. Kd4 Kg7 58. Kd3 g5 59. Qxg5+ Qg6+ 60. Qxg6+ Kxg6 61. Kd4 f5 62. Kc5 f4 63. Kb6 f3 64. Kxb7 f2 65. Kxa6 f1Q+ 66. b5 Qd3 67. Kb6 Qd6+ 68. Kb7 Qc5 69. Ka6 Kf6 70. b6 Qe5 71. b7 Qb8 72. Kb6 Ke6 73. a6 Kd6 74. Kb5 Qa7 0-1

[Event "Hyderabad op 3rd"]
[Site "Hyderabad"]
[Date "2019.08.21"]
[Round "2"]
[White "Sambarta, Banerjee"]
[Black "Raja, Rithvik R"]
[Result "0-1"]
[WhiteElo "1929"]
[BlackElo "2364"]
[PlyCount "56"]
[EventDate "2019.08.20"]
[EventType "swiss"]
[EventRounds "10"]
[EventCountry "IND"]
[SourceTitle "EXT 2020"]
[Source "ChessBase"]
[SourceDate "2019.10.17"]
[SourceVersion "1"]
[SourceVersionDate "2019.10.17"]
[SourceQuality "1"]

1. d4 Nf6 2. c4 e6 3. Nc3 Bb4 4. Qc2 0-0 5. Bg5 c5 6. dxc5 Na6 7. a3 Bxc3+ 8. Qxc3 Nxc5 9. Bxf6 Qxf6 10. Qxf6 gxf6 11. b4 Na4 12. e3 b6 13. Nf3 Ba6 14. Be2 Rac8 15. b5 Bb7 16. 0-0 Rc7 17. Rfc1 Rfc8 18. Rc2 Be4 19. Rd2 d5 20. Bd1 Rxc4 21. Nd4 Rc1 22. Rxc1 Rxc1 23. f3 Nc3 24. fxe4 Nxd1 25. exd5 Nxe3+ 26. Kf2 Nxd5 27. g3 Rc3 28. a4 Ra3 0-1

[Event "BAN Walton 1st League"]
[Site "Dhaka"]
[Date "2018.10.30"]
[Round "6.2"]
[White "Sumit, Kumar1"]
[Black "Sambarta, Banerjee"]
[Result "1/2-1/2"]
[WhiteElo "2183"]
[BlackElo "1883"]
[PlyCount "54"]
[EventDate "2018.10.25"]
[EventType "team-tourn"]
[EventRounds "11"]
[EventCountry "BAN"]
[SourceTitle "CBM 187 Extra"]
[Source "ChessBase"]
[SourceDate "2018.11.04"]
[SourceVersion "1"]
[SourceVersionDate "2018.11.04"]
[SourceQuality "1"]
[WhiteTeam "Mir CC"]
[BlackTeam "Basir Memorial"]
[WhiteTeamCountry "BAN"]
[BlackTeamCountry "BAN"]

1. e4 c6 2. d4 d5 3. e5 Bf5 4. Nf3 e6 5. Be2 Nd7 6. 0-0 Ne7 7. Nbd2 c5 8. c4 Nc6 9. cxd5 exd5 10. dxc5 Nxc5 11. Nb3 Nxb3 12. Qxb3 Qd7 13. Rd1 Rd8 14. Bf4 Be7 15. Nd4 Nxd4 16. Rxd4 0-0 17. Rc1 a6 18. h3 Be6 19. Bf3 b5 20. Qd1 Rc8 21. Rxc8 Rxc8 22. Rd3 Rd8 23. Be3 b4 24. Bxd5 Qb5 25. Be4 Rxd3 26. Qxd3 Qxe5 27. Qc2 f5 1/2-1/2

[Event "BAN Walton 1st League"]
[Site "Dhaka"]
[Date "2018.10.26"]
[Round "2.3"]
[White "Sambarta, Banerjee"]
[Black "Rakesh, Kumar Jena"]
[Result "0-1"]
[WhiteElo "1883"]
[BlackElo "2388"]
[PlyCount "65"]
[EventDate "2018.10.25"]
[EventType "team-tourn"]
[EventRounds "11"]
[EventCountry "BAN"]
[SourceTitle "CBM 187 Extra"]
[Source "ChessBase"]
[SourceDate "2018.11.04"]
[SourceVersion "1"]
[SourceVersionDate "2018.11.04"]
[SourceQuality "1"]
[WhiteTeam "Basir Memorial"]
[BlackTeam "Janata Bank Officer Welfare"]
[WhiteTeamCountry "BAN"]
[BlackTeamCountry "BAN"]

1. d4 Nf6 2. c4 e6 3. Nc3 b6 4. e4 Bb7 5. f3 Bb4 6. Be3 0-0 7. Bd3 c5 8. Nge2 cxd4 9. Nxd4 Nc6 10. Nxc6 dxc6 11. Qc2 e5 12. 0-0 Qe7 13. Na4 Nd7 14. Rac1 Rad8 15. Rfd1 Nc5 16. Nxc5 Bxc5 17. Qf2 Bd4 18. Bxd4 Rxd4 19. Be2 c5 20. Rxd4 exd4 21. Bd3 Re8 22. Kf1 Qg5 23. Re1 Qf4 24. g3 Qh6 25. Kg1 Qf6 26. f4 Qc6 27. f5 Re5 28. b4 cxb4 29. Qxd4 Re8 30. Bc2 h5 31. Rd1 a5 32. Qd5 Qc5+ 33. Qd4 0-1

[Event "Dhaka Walton op"]
[Site "Dhaka"]
[Date "2018.05.30"]
[Round "5"]
[White "Sambarta, Banerjee"]
[Black "Nayem, Haque"]
[Result "1/2-1/2"]
[WhiteElo "1865"]
[BlackElo "1954"]
[PlyCount "88"]
[EventDate "2018.05.26"]
[EventType "swiss"]
[EventRounds "9"]
[EventCountry "BAN"]
[SourceTitle "CBM 184 Extra"]
[Source "ChessBase"]
[SourceDate "2018.06.28"]
[SourceVersion "1"]
[SourceVersionDate "2018.06.28"]
[SourceQuality "1"]

1. e4 e6 2. d3 d5 3. Nd2 Nf6 4. Ngf3 c5 5. g3 Nc6 6. Bg2 Be7 7. 0-0 0-0 8. Re1 Re8 9. e5 Nd7 10. h4 Qc7 11. Qe2 b5 12. Nf1 Bb7 13. Bf4 Rac8 14. N1h2 Nf8 15. h5 Nd4 16. Qd2 Nxf3+ 17. Bxf3 c4 18. c3 cxd3 19. Qxd3 Qc4 20. Be2 Qxd3 21. Bxd3 b4 22. cxb4 Bxb4 23. Rec1 Bc5 24. Rab1 a5 25. a3 h6 26. Bd2 Bb6 27. b4 Rxc1+ 28. Bxc1 Bc6 29. bxa5 Bxa5 30. Be3 Ra8 31. Nf3 Nd7 32. Bd4 Bd8 33. Rc1 Ba4 34. Nd2 Be7 35. Nb1 Kf8 36. f4 f6 37. exf6 gxf6 38. Nc3 Bxa3 39. Ra1 Bb2 40. Ra2 Bxc3 41. Bxc3 Bc6 42. Rxa8+ Bxa8 43. Bb5 Nb6 44. Bxf6 Kf7 1/2-1/2